00746cam a2200169 a 4500020001500000082001700015100002800032245010000060260007700160300006900237500007400306526003700380650001300417942001200430999001900442952011500461 a8175361646 a954.167bWHI1 aWhite, J. Claude95047210aSikhim and Bhutan :btwenty-one years on the north-east frontier, 1887-1908 /cJ. Claude White. aLONDONbEDWARD ARNOLDbDistributed by D K Publishers Distributors,c1909 axix, 331 p., [41] leaves of plates :bill., folded map ;c23 cm. aOriginally published: Sikhim & Bhutan . London : Edward Arnold, 1909. a0b0c0d954_167000000000000_WHI aMCE9379 2ddccBK c553209d553209 00102ddc4070aMCEbMCEcArchive Sectiond2015-02-02l0o954.167 WHIpMCE-ECS/65r2015-02-02w2015-02-02yBK